Statistics for Characters with colors in their name

Click here to take the quiz!

General Stats

  • This quiz has been taken 33 times
  • The average score is 5 of 12

Answer Stats

HintAnswer% Correct
Harry Potter's godfatherSirius Black
88%
Disney princessSnow white
75%
DC superheroGreen Lantern
69%
Female marvel superhero/assassinBlack widow
59%
Male Marvel superheroBlack panther
44%
Comic:peanutsCharlie Brown
44%
Super Mario brosPrincess peach
44%
Big bad wolfLittle red riding hood
41%
Fantastic FourSilver surfer
28%
animated detectivePink Panther
22%
That 70s showRed Forman
22%
Flash comicsBlack Canary
6%

Score Distribution

Percentile by Number Answered

Percent of People with Each Score

Your Score History

You have not taken this quiz